000
00334 a2200157 4500
001
183245
020
_a
040
_c
Magnum
100
_a
Lawrence, D.h.
240
1
0
_a
A serpente emplumada
_l
por
245
1
0
_a
A serpente emplumada
300
_a
418
440
1
_a
Record
697
_a
LITERATURA GERAL ESTRANGEIRA
942
_c
BK
999
_c
183245
_d
183245